00481nam a2200181Ia 4500008004100000041000800041082002100049100001400070245007100084250001200155260003200167300000900199365001600208700001700224710003000241906000900271999001900280230312s9999 xx 000 0 und d aeng a620.1b620.1 BEE aBeer F.P. aVector Machanics For EngineersbStatics And Dynamics (In SI Units) a8th ed. c2008bTata McGraw-Hill Pub. a1326 cRs.b525.00 aJohnstonE.R. aBeer F.P. & Johnston E.R. b3465 c128500d128500